Statistiken für Größte Städte in der Blauen Banane

Klicken Sie hier um das Quiz zu spielen!

Allgemein

  • Dieses Quiz wurde 5.303 mal gespielt
  • Das Durchschnittsergebnis liegt bei 16 aus 21

Antworten auf der Karte

Die Antworten werden auf der Karte rot bzw. grün angezeigt, abhängig davon wie oft sie richtig erraten wurden.
 

Antwortstatistiken

BevölkerungStädte% Korrekt
14,8 milLondon
100%
2,48 milAmsterdam
97%
5,00 milKöln / Düsseldorf
97%
2,25 milMünchen
97%
2,70 milBrüssel
96%
2,40 milStuttgart
92%
3,25 milFrankfurt am Main
91%
5,70 milRuhrgebiet
91%
6,20 milMailand
90%
1,43 milZürich
89%
3,05 milManchester
86%
1,20 milNürnberg
83%
3,25 milRotterdam
80%
1,88 milLiverpool
79%
3,15 milBirmingham
68%
1,64 milTurin
65%
1,58 milMannheim
58%
2,18 milLeeds
44%
1,29 milLille
31%
1,38 milNottingham
29%
1,57 milSheffield
27%

Verteilung der Resultate

Perzentil nach korrekt beantworteten Fragen

Anzahl Personen mit jedem Resultat

Ihre Resultats-Entwicklung

Sie haben dieses Quiz noch nicht gespielt